[Event "European Ind w Rapid 2012"]
[Site "Gaziantep TUR"]
[Date "2012.03.15"]
[Round "2"]
[White "Bronnikova,E"]
[Black "Paehtz,E"]
[Result "0-1"]
[WhiteElo "2252"]
[BlackElo "2459"]

1.e4 e6 2.d4 d5 3.Nd2 Be7 4.Bd3 c5 5.dxc5 Nf6 6.Qe2 O-O 7.Ngf3 a5 8.c3 Na6
9.e5 Nd7 10.Nd4 Naxc5 11.Bc2 f6 12.b4 axb4 13.cxb4 fxe5 14.bxc5 exd4 15.Qxe6+ Kh8
16.Qxd5 Nxc5 17.Qxd8 Rxd8 18.Bb2 Bg5 19.Nf3 Re8+ 20.Kd1 Bg4 21.Re1 d3 22.Rxe8+ Rxe8
23.Bb3 Bxf3+ 24.gxf3 Re2 25.Bd4 Bf6 26.Bxf6 gxf6 27.Rc1 b6 28.Bd5 Rxf2 29.Rb1 Rf1+  0-1

[Event "European Ind w Rapid 2012"]
[Site "Gaziantep TUR"]
[Date "2012.03.15"]
[Round "8"]
[White "Lahno,Kateri"]
[Black "Paehtz,E"]
[Result "1/2-1/2"]
[WhiteElo "2546"]
[BlackElo "2459"]

1.e4 e6 2.d4 d5 3.Nd2 Be7 4.Bd3 c5 5.c3 Nf6 6.e5 Nfd7 7.f4 b6 8.Ne2 Ba6 9.Bc2 Nc6
10.Nf3 g6 11.O-O cxd4 12.cxd4 Rc8 13.Be3 f5 14.Rc1 Na5 15.Bf2 O-O 16.Bd3 Bc4
17.Nc3 Bb4 18.Bh4 Qe8 19.a3 Be7 20.Bxe7 Qxe7 21.Nb5 Bxb5 22.Bxb5 Nb8 23.Qd3 h6
24.b4 Nac6 25.Rc3 Qb7 26.Rfc1 Ne7 27.Ba4 Rxc3 28.Rxc3 Rc8 29.Ne1 Kf7 30.Kf2 Rxc3
31.Qxc3 Qc8 32.Qxc8 Nxc8 33.Ke3 Ne7 34.h3 g5 35.g3 Ng6 36.Nd3 gxf4+ 37.Nxf4 Nxf4
38.Kxf4 a6 39.b5 a5 40.Bd1 Nd7 41.g4 fxg4 42.hxg4 Nf8 43.g5 Kg7 44.Bc2 Ng6+
45.Kg4 Nf8 46.Kh5 hxg5 47.Kxg5 Nd7 48.Bd3 Nf8 49.Bc2 Nd7  1/2-1/2

[Event "e2e4 High Wycombe Open"]
[Site "High Wycombe ENG"]
[Date "2012.03.17"]
[Round "3"]
[White "Turner,Jos"]
[Black "Walton,A"]
[Result "0-1"]
[WhiteElo "2013"]
[BlackElo "2159"]

1.e4 e6 2.d4 d5 3.Nd2 a6 4.Bd3 c5 5.exd5 exd5 6.Qe2+ Be6 7.dxc5 Bxc5 8.Nb3 Ba7
9.Nf3 h6 10.Ne5 Ne7 11.g4 Nd7 12.g5 hxg5 13.Bxg5 Bb8 14.Ng6 fxg6 15.Qxe6 Ne5
16.O-O-O Qd6 17.Qxd6 Bxd6 18.Be2 O-O-O 19.f4 Nf7 20.Bg4+ Kb8 21.Bxe7 Bxe7
22.Be6 Nh6 23.Rhg1 Bd6 24.Rxg6 Bxf4+ 25.Kb1 Rd6 26.Rxd5 Bxh2 27.Rxd6 Bxd6
28.Bd5 Nf5 29.c4 Rh6 30.Rg5 g6 31.Na5 b6 32.Nc6+ Kc7 33.b4 Bf4 34.Rg4 g5
35.Rg1 Rxc6 36.Bxc6 Kxc6 37.Kc2 Nd4+ 38.Kd3 Nf3 39.Rh1 g4 40.Ke2 Bd6 41.Rh6 Ne5
42.b5+ axb5 43.cxb5+ Kc5 44.a4 g3 45.Kf1 Nc4 46.Rh8 Kb4 47.Rh4 Kc3 48.Ke2 Bc5
49.Rg4 Bf2 50.Rg5 Kb3 51.Rg4 Ne3 52.Rg6 Nd5 53.Kf3 Kxa4 54.Rd6 Kxb5 55.Rxd5+ Kc4
56.Rg5 b5 57.Ke2 b4 58.Rg8 Kc3 59.Rc8+ Kb2 60.Kf3 b3 61.Rb8 Kc2 62.Rc8+ Kb1
63.Rb8 b2 64.Rc8 Be1 65.Rb8 Kc2 66.Rc8+ Bc3 67.Rb8 Be5 68.Rb5  0-1

[Event "TCh-BEL 2011-12"]
[Site "Belgium BEL"]
[Date "2012.03.18"]
[Round "10.6"]
[White "Zozulia,A"]
[Black "Alienkin,A"]
[Result "1/2-1/2"]
[WhiteElo "2377"]
[BlackElo "2379"]

1.e4 e6 2.d4 d5 3.Nd2 a6 4.Bd3 c5 5.dxc5 Bxc5 6.exd5 exd5 7.Ngf3 Qe7+ 8.Qe2 Nc6
9.c3 Bg4 10.O-O Qxe2 11.Bxe2 Nf6 12.Nb3 Bb6 13.Bf4 O-O 14.Rfe1 Rfe8 15.h3 Bh5
16.Rad1 h6 17.Kf1 Rad8 18.Nfd4 Bxe2+ 19.Rxe2 Rxe2 20.Nxe2 Re8  1/2-1/2

[Event "TCh-CZE Liga1 Vychod"]
[Site "Czech Rep CZE"]
[Date "2012.03.18"]
[Round "10"]
[White "Olsarova,K"]
[Black "Firt,S"]
[Result "1/2-1/2"]
[WhiteElo "2176"]
[BlackElo "2294"]

1.e4 e6 2.d4 d5 3.Nd2 Be7 4.Bd3 c5 5.dxc5 Nf6 6.Qe2 Nc6 7.Ngf3 Nb4 8.Nb3 Nxd3+
9.cxd3 dxe4 10.dxe4 a5 11.a4 O-O 12.O-O b6 13.Rd1 Qc7 14.cxb6 Qxb6 15.Nbd4 Ba6
16.Nb5 Bxb5 17.axb5 Rfb8 18.Nd4 Bc5 19.Nb3 Bb4 20.Bd2 Qxb5 21.Qxb5 Rxb5 22.Bxb4 Rxb4
23.Rxa5 Rab8 24.Nc5 Rxb2 25.f3 g6 26.Nd3 R2b5 27.Rxb5 Rxb5 28.Kf2  1/2-1/2

[Event "Caissa IM March 2012"]
[Site "Kecskemet HUN"]
[Date "2012.03.18"]
[Round "2.2"]
[White "Padhya,S"]
[Black "Meszaros,Gyu"]
[Result "1/2-1/2"]
[WhiteElo "2187"]
[BlackElo "2273"]

1.e4 e6 2.d4 d5 3.Nd2 Nc6 4.Ngf3 Nf6 5.e5 Nd7 6.Bb5 a6 7.Bxc6 bxc6 8.Nb3 c5
9.Bg5 Be7 10.Na5 Nxe5 11.dxe5 Bxg5 12.Nc6 Qd7 13.Nxg5 h6 14.Nxf7 Qxf7 15.O-O O-O
16.Qd2 Bd7 17.Na5 Rab8 18.c4 Qf4 19.Qe2 Rf5 20.Rae1 Ba4 21.g3 Qd4 22.b3 Be8
23.Qe3 Qxe3 24.Rxe3 d4 25.Ree1 Rf3 26.Kg2 Bh5 27.h3 Rbf8 28.Nb7 d3 29.Nxc5 d2
30.Rd1 Rxf2+ 31.Rxf2 Rxf2+ 32.Kxf2 Bxd1 33.Ne4 Bxb3 34.Nxd2 Bxa2 35.Ke3 a5
36.Kd4 a4 37.Kc5 Bb3 38.Kb4 Kf7 39.Ne4 Bd1 40.Nc5 Be2 41.Na6 a3 42.Kxa3 Bxc4
43.Nxc7 Bf1 44.h4 Ke7 45.Kb4 Kd7 46.Nb5 Kc6 47.Nc3 Bd3 48.g4 Bf1 49.Nd1 Be2
50.Ne3 g5 51.hxg5 hxg5 52.Kc3 Kc5 53.Kd2 Bb5 54.Nc2 Kd5 55.Ke3 Ba4 56.Nb4+ Kxe5
57.Nd3+ Kf6 58.Kd4 Bd1 59.Ne5 Be2  1/2-1/2

[Event "ch-VIE Women 2012"]
[Site "Can Tho VIE"]
[Date "2012.03.19"]
[Round "2"]
[White "Pham Thi Thu Hoai"]
[Black "Le Thanh Tu"]
[Result "0-1"]
[WhiteElo "1917"]
[BlackElo "2331"]

1.e4 e6 2.d4 d5 3.Nd2 Be7 4.Ngf3 Nf6 5.Bd3 c5 6.c3 Nc6 7.e5 Nd7 8.b3 cxd4
9.cxd4 a5 10.Bb2 Nb6 11.Rc1 a4 12.Bb5 Bd7 13.O-O Nb4 14.Bxd7+ Qxd7 15.Ra1 O-O
16.Ne1 Rfc8 17.a3 Nc6 18.b4 Nc4 19.Bc3 Na7 20.Nb1 Nb5 21.Qd3 Qc6 22.Bd2 Nxd2
23.Nxd2 Qb6 24.Ndf3 Rc3 25.Qd2 Rxa3 26.Rc1 Rb3 27.Qf4 Rxb4 28.Nc2 Rc4 29.Ne3 Rxc1
30.Rxc1 a3 31.Ng4 a2 32.Nf6+ Bxf6  0-1

[Event "13th EICC"]
[Site "Plovdiv BUL"]
[Date "2012.03.20"]
[Round "1.132"]
[White "Steingrimsson,H"]
[Black "Yakimenko,Alex"]
[Result "1-0"]
[WhiteElo "2556"]
[BlackElo "2223"]

1.e4 e6 2.d4 d5 3.Nd2 Nc6 4.Ngf3 Nf6 5.e5 Nd7 6.Be2 Be7 7.Nf1 O-O 8.Ne3 f6
9.exf6 Nxf6 10.O-O Kh8 11.c4 Bd7 12.a3 a5 13.b3 Ne4 14.Bb2 Be8 15.Nd2 Bf6
16.Nxe4 dxe4 17.Nc2 Bg6 18.Qd2 Ne5 19.Ne1 c5 20.Rd1 cxd4 21.Bxd4 Qc7 22.Qe3 a4
23.Bc5 Rfe8 24.b4 h6 25.Bd6 Qf7 26.f3 exf3 27.Nxf3 Nc6 28.b5 Ne7 29.Ne5 Qg8
30.Nxg6+ Nxg6 31.Bh5 Ne7 32.Bxe8 Rxe8 33.Rxf6 gxf6 34.Qxh6+ Qh7 35.Qxf6+ Qg7
36.Qxe6  1-0

[Event "Caissa GM March 2012"]
[Site "Kecskemet HUN"]
[Date "2012.03.21"]
[Round "5.4"]
[White "Sax,G"]
[Black "Sipos,I"]
[Result "1/2-1/2"]
[WhiteElo "2486"]
[BlackElo "2447"]

1.e4 e6 2.d4 d5 3.Nd2 Be7 4.Ngf3 Nf6 5.exd5 exd5 6.Bd3 Bg4 7.O-O O-O 8.c3 c5
9.dxc5 Bxc5 10.Nb3 Bb6 11.Be2 Nc6 12.Nfd4 Bxe2 13.Qxe2 Re8 14.Qd1 Qd7 15.Bg5 Ne4
16.Be3 Ne5 17.Nc2 Bxe3 18.Nxe3 Rad8 19.Qc2 Nc4 20.Nxc4  1/2-1/2

[Event "Caissa GM March 2012"]
[Site "Kecskemet HUN"]
[Date "2012.03.23"]
[Round "7.5"]
[White "Battey,A"]
[Black "Sipos,I"]
[Result "1-0"]
[WhiteElo "2382"]
[BlackElo "2447"]

1.e4 e6 2.d4 d5 3.Nd2 Be7 4.e5 c5 5.Qg4 Kf8 6.Nb3 cxd4 7.Nxd4 Nc6 8.Ngf3 Qb6
9.c3 Bc5 10.Bd3 Nge7 11.O-O Bxd4 12.cxd4 Nf5 13.Be3 Nb4 14.Bb1 Bd7 15.a3 Nc6
16.b4 Nce7 17.Qh5 Bb5 18.Re1 Rc8 19.g4 Nxe3 20.fxe3 Ng6 21.Ra2 Ke7 22.Rf2 Qc7
23.Ng5 Rhf8 24.Rc2 Qxc2 25.Bxc2 Rxc2 26.a4 Bd3 27.Qxh7 Nxe5 28.Qxg7 Ng6 29.Nh7 Rh8
30.Qf6+ Ke8 31.Ng5 Rc7 32.Rd1 Be2 33.Nxe6 Re7 34.Rc1 Bc4 35.Nf4 Rh4 36.h3 Nxf4
37.Rxc4 dxc4 38.Qxh4 Rxe3 39.Qh6 Re1+ 40.Kh2 Re2+ 41.Kg3 Nd3 42.Qd6 Re3+
43.Kh4 c3 44.Qc7 Nf2 45.d5 Kf8 46.Qc5+  1-0

[Event "13th EICC"]
[Site "Plovdiv BUL"]
[Date "2012.03.24"]
[Round "5.93"]
[White "Grigoriants,S RUS"]
[Black "Bukal,V jr"]
[Result "1-0"]
[WhiteElo "2561"]
[BlackElo "2441"]

1.e4 e6 2.d4 d5 3.Nd2 a6 4.Ngf3 Nf6 5.Bd3 c5 6.exd5 Qxd5 7.dxc5 Bxc5 8.Qe2 Nbd7
9.Ne4 b5 10.a4 b4 11.Nxc5 Qxc5 12.O-O Bb7 13.Bf4 Qc6 14.Qd2 O-O 15.Qxb4 Nd5
16.Qd6 Nxf4 17.Qxf4 e5 18.Qc4 Nc5 19.Be2 a5 20.Rfe1 Rfc8 21.Qg4 e4 22.Nd4 Qf6
23.c3 Rd8 24.Bc4 Nd7 25.Qf5 Qxf5 26.Nxf5 Ne5 27.Bb5 g6 28.Nd4 f5 29.Rad1 Kf7
30.f3 Rd6 31.fxe4 fxe4 32.Nb3 Rd5 33.Rxd5  1-0

[Event "European Senior Teams 2012"]
[Site "Rogaska Slatina SLO"]
[Date "2012.03.27"]
[Round "1.7"]
[White "Krebs,D"]
[Black "Sorensen,B"]
[Result "0-1"]
[WhiteElo "2114"]
[BlackElo "2312"]

1.e4 e6 2.d4 d5 3.Nd2 Be7 4.Ngf3 Nf6 5.e5 Nfd7 6.Bd3 c5 7.c3 Nc6 8.O-O a5
9.Re1 Qb6 10.dxc5 Nxc5 11.Bc2 Bd7 12.Nb3 f6 13.exf6 gxf6 14.Nfd4 O-O-O 15.Be3 Ne5
16.Nxc5 Bxc5 17.b3 Rhg8 18.Nf3 Bxe3 19.Rxe3 Ng4 20.Re2 e5 21.Nh4 Kb8 22.Bf5 Bc6
23.Qc2 Nh6 24.g3 d4 25.Be4 Rg4 26.Rd1 Rxe4 27.Rxe4 Bxe4 28.Qxe4 dxc3 29.Rc1 Rd2
30.Qe3 Qxe3 31.fxe3 c2  0-1

[Event "28th Budapest Spring Festival"]
[Site "Budapest HUN"]
[Date "2012.03.28"]
[Round "3.4"]
[White "Padhya,S"]
[Black "Kantor,G"]
[Result "1/2-1/2"]
[WhiteElo "2187"]
[BlackElo "2316"]

1.e4 e6 2.d4 d5 3.Nd2 Be7 4.c3 c5 5.dxc5 Bxc5 6.Bd3 Nf6 7.Qe2 Nc6 8.Ngf3 Bb6
9.O-O Qc7 10.b4 h6 11.Bb2 dxe4 12.Nxe4 Nxe4 13.Qxe4 f5 14.Qe2 O-O 15.a3 e5
16.c4 e4 17.c5 exd3 18.Qxd3 Qd7 19.Qc4+ Qf7 20.Qxf7+ Kxf7 21.cxb6 axb6 22.b5 Ne7
23.Ne5+ Kg8 24.Nc4 Nd5 25.a4 Be6 26.Rfe1 Rfe8 27.Nd6 Re7  1/2-1/2

[Event "European Senior Teams 2012"]
[Site "Rogaska Slatina SLO"]
[Date "2012.03.28"]
[Round "2.16"]
[White "Wademark,H"]
[Black "Sandklef,A"]
[Result "1-0"]
[WhiteElo "2096"]
[BlackElo "1993"]

1.e4 e6 2.d4 d5 3.Nd2 Nc6 4.Ngf3 Nf6 5.e5 Nd7 6.c3 f6 7.exf6 Qxf6 8.Bb5 Bd6
9.O-O O-O 10.Qa4 Ncb8 11.Bd3 e5 12.Qb3 c6 13.Ne4 Qe7 14.Bg5 Qe6 15.Bh4 Be7
16.Bg3 exd4 17.cxd4 Qg4 18.Rfe1 Kh8 19.Nd6 Bf6 20.Nxc8 Rxc8 21.Qxb7 Nb6 22.Qf7 N8d7
23.h3 Qxf3 24.gxf3 Bxd4 25.Re2 Rf8 26.Qh5 Nf6 27.Qh4 c5 28.Rae1 Na4 29.b3 Nc3
30.Re6 h6 31.Bf4 Ng8 32.Bxh6 Ne4 33.Be3+ Nh6 34.Bxd4 Ng5 35.Rxh6+  1-0

[Event "28th Budapest Spring Festival"]
[Site "Budapest HUN"]
[Date "2012.03.29"]
[Round "4.5"]
[White "Boguszlavszkij,J"]
[Black "Varga,Kl"]
[Result "0-1"]
[WhiteElo "2238"]
[BlackElo "2181"]

1.d4 e6 2.e4 d5 3.Nd2 Nc6 4.Ngf3 Nf6 5.e5 Nd7 6.c3 f6 7.Bb5 fxe5 8.dxe5 a6
9.Ba4 g6 10.O-O b5 11.Bb3 Bg7 12.a4 Rb8 13.axb5 axb5 14.h4 O-O 15.Ng5 Ndxe5
16.Ndf3 h6 17.Nxe5 Nxe5 18.Nh3 Qxh4 19.Ra7 Nf3+ 20.Kh1 c6 21.Qd3 Rf6 22.Bd1 e5
23.Bxf3 Bxh3 24.Kg1 Be6 25.g3 Qh3 26.Bg2 Qf5 27.Qxf5 gxf5 28.Re1 Rf7 29.Ra6 Bd7
30.f4 e4 31.Be3 b4 32.Bd4 bxc3 33.bxc3 Bxd4+ 34.cxd4 Rb4 35.Rd1 Rg7 36.Ra3 h5
37.Kh2 h4 38.gxh4 Rb2 39.Rg3 Rg4 40.Ra1 Rxg3 41.Kxg3 Rb3+ 42.Kf2 c5 43.dxc5 d4
44.Ra8+ Kf7 45.Ra7 Ke8 46.h5 Bb5 47.h6 e3+ 48.Kg3 e2+ 49.Kf2 Rb1 50.Bc6+ Kf8
51.Ra8+ Kf7 52.Re8 e1=Q+ 53.Rxe1 Rb2+ 54.Kg3 Bxc6 55.h7 Kg7 56.Re6 Be4 57.Re7+ Kh8
58.Kh4 Rg2 59.Rd7 d3 60.c6 Bxc6 61.Rxd3 Rg4+ 62.Kh5 Kxh7 63.Rd7+ Rg7  0-1

[Event "European Senior Teams 2012"]
[Site "Rogaska Slatina SLO"]
[Date "2012.03.29"]
[Round "3.5"]
[White "Wahlbom,M"]
[Black "Monin,N"]
[Result "1-0"]
[WhiteElo "2291"]
[BlackElo "2332"]

1.e4 e6 2.d4 d5 3.Nd2 Nc6 4.Ngf3 Nf6 5.e5 Nd7 6.Bd3 f6 7.exf6 Qxf6 8.Nf1 e5
9.Ne3 exd4 10.Nxd5 Qe6+ 11.Qe2 Qxe2+ 12.Bxe2 Bd6 13.Bf4 Nb4 14.Bxd6 Nxd5
15.Bg3 c5 16.O-O-O N7f6 17.Rhe1 Kf7 18.Bc4 b6 19.c3 Bb7 20.Ne5+ Kf8 21.cxd4 Rc8
22.dxc5 Rxc5 23.Nd7+ Nxd7 24.Bd6+ Kf7 25.Bxc5  1-0

[Event "28th Budapest Spring Festival"]
[Site "Budapest HUN"]
[Date "2012.03.30"]
[Round "5.2"]
[White "Padhya,S"]
[Black "Varga,Kl"]
[Result "1/2-1/2"]
[WhiteElo "2187"]
[BlackElo "2181"]

1.e4 e6 2.d4 d5 3.Nd2 Nc6 4.Ngf3 Nf6 5.e5 Nd7 6.Bd3 f6 7.exf6 Qxf6 8.Nf1 e5
9.Ne3 Nb6 10.dxe5 Nxe5 11.Nxe5 Qxe5 12.O-O Bc5 13.f4 Qd6 14.b4 Bxb4 15.Qh5+ g6
16.Bxg6+ Kd8 17.Bb2 Qxg6 18.Qxg6 hxg6 19.Bxh8 Bc5 20.Bf6+  1/2-1/2

[Event "European Senior Teams 2012"]
[Site "Rogaska Slatina SLO"]
[Date "2012.03.30"]
[Round "4.9"]
[White "Wademark,H"]
[Black "Monedero Gonzalez,J"]
[Result "0-1"]
[WhiteElo "2096"]
[BlackElo "2104"]

1.e4 e6 2.d4 d5 3.Nd2 Nc6 4.Ngf3 Nf6 5.e5 Nd7 6.Bd3 Nb4 7.Be2 c5 8.c3 Nc6
9.O-O f6 10.exf6 Qxf6 11.Nb3 h6 12.Be3 c4 13.Nbd2 b5 14.b3 Rb8 15.bxc4 bxc4
16.Qa4 Rb6 17.g3 Bd6 18.Qc2 O-O 19.Nh4 Ba3 20.Rab1 Ra6 21.f4 Ne7 22.Ndf3 Nf5
23.Nxf5 Qxf5 24.Qxf5 exf5 25.Ne5 Nf6 26.Bf3 Bd6 27.Rf2 Ra3 28.Rc2 Ne4 29.Bxe4 fxe4
30.Bc1 Ra6 31.Kg2 Bf5 32.Be3 Rb8 33.Rxb8+ Bxb8 34.Rb2 Bd6 35.Kf2 Ra3 36.Rc2 Bc7
37.Ke2 Ba5 38.Kd2 Bh3 39.Nc6 Bc7 40.Ne7+ Kf7 41.Nxd5 Bd6 42.Bf2 Bf1 43.Rb2 Ke6
44.Ne3 Bd3 45.Nc2 Ra5 46.Kc1 Rh5 47.h4 Ra5 48.Kd2 g5 49.fxg5 hxg5 50.Ke3 Rf5
51.Ne1 gxh4 52.Nxd3 exd3 53.gxh4 Bf4+ 54.Ke4 Bc1  0-1

[Event "13th EICC"]
[Site "Plovdiv BUL"]
[Date "2012.03.31"]
[Round "11.154"]
[White "Manelidou,M"]
[Black "Yakimenko,Alex"]
[Result "0-1"]
[WhiteElo "2067"]
[BlackElo "2223"]

1.e4 e6 2.d4 d5 3.Nd2 Nc6 4.Ngf3 Nf6 5.e5 Nd7 6.Bd3 f6 7.exf6 Qxf6 8.c3 e5
9.dxe5 Ndxe5 10.Nxe5 Nxe5 11.Be2 Bd6 12.Nf3 Bg4 13.Nxe5 Qxe5 14.Be3 Bxe2
15.Qxe2 O-O 16.O-O-O c6 17.h4 Bc5 18.Rd2 Bxe3 19.Qxe3 Qxe3 20.fxe3 Rae8 21.Re2 Re4
22.Kd2 Rf6 23.Kd3 Kf7 24.b3 b5 25.Rc2 Rg4 26.Rh3 Kg6 27.a4 c5 28.Rh2 c4+
29.bxc4 dxc4+ 30.Ke2 bxa4 31.Ra2 Ra6 32.Kf3 h5 33.g3 Rf6+ 34.Ke2 Rxg3 35.Rxa4 Rff3
36.Rxc4 Rxe3+ 37.Kd2 Kf5 38.Rc5+ Kg6 39.Rc4 Rd3+ 40.Kc2 Rdf3 41.Rd2 Rg4 42.Rc7 a5
43.Kb3 a4+ 44.Ka3 Rfg3 45.Rh2 Rf4 46.Rc6+ Kh7 47.Rc5 Kh6 48.Rc6+ Rg6 49.Rc8 Rgg4  0-1

[Event "TCh-BEL 2011-12"]
[Site "Belgium BEL"]
[Date "2012.04.01"]
[Round "11.1"]
[White "Saiboulatov,D"]
[Black "Zaragatski,I"]
[Result "1-0"]
[WhiteElo "2395"]
[BlackElo "2474"]

1.e4 e6 2.d4 d5 3.Nd2 Nc6 4.Ngf3 Nf6 5.e5 Nd7 6.Nb3 a5 7.a4 b6 8.Bb5 Ne7
9.Qe2 Bb7 10.Bd2 Qc8 11.Rc1 Ba6 12.c4 dxc4 13.Rxc4 c6 14.O-O Qb7 15.Bxa6 Qxa6
16.Rfc1 h6 17.Qe4 Nb8 18.h4 Ra7 19.h5 Qc8 20.Na1 Nd5 21.Nc2 Qd8 22.Ne3 Bb4
23.Qg4 O-O 24.Nxd5 exd5 25.Bxb4 Re8 26.Bd2 dxc4 27.Bxh6 f6 28.Rxc4 Qd7 29.Qg3 Qf7
30.d5 Qxh5 31.Rh4 Qf5 32.exf6 Qxf6 33.Bd2 cxd5 34.Qh3 Nc6 35.Rh8+ Kf7 36.Qh5+ g6
37.Qh7+  1-0

[Event "28th Budapest Spring Festival"]
[Site "Budapest HUN"]
[Date "2012.04.01"]
[Round "7.1"]
[White "Padhya,S"]
[Black "Galyas,M"]
[Result "1/2-1/2"]
[WhiteElo "2187"]
[BlackElo "2445"]

1.e4 e6 2.d4 d5 3.Nd2 Be7 4.c3 c5 5.dxc5 Bxc5 6.Bd3 Nc6 7.Ngf3 Nf6 8.Qe2 Qc7
9.O-O Bd7 10.b4 Bd6 11.Bb2 Ne5 12.c4 Nxd3 13.Qxd3 dxe4 14.Nxe4 Nxe4 15.Qxe4 Bc6
16.Qe3 Bxb4 17.Bxg7 Rg8 18.Bd4 O-O-O 19.Rfd1 Rxd4 20.Rxd4 Bc5 21.Ne1 Bxg2
22.Nxg2 Qc6 23.Qe4 Bxd4 24.Qxc6+ bxc6 25.Rd1 c5 26.Rd3 f5 27.Kf1 e5 28.Rh3 Rg7
29.Rg3 Rxg3 30.hxg3 f4 31.gxf4 Kd7 32.fxe5 Bxe5 33.f4 Bd4 34.Ke2 Ke6 35.Kf3 Bf6  1/2-1/2

[Event "35th San Sebastian Open"]
[Site "Donostia ESP"]
[Date "2012.04.01"]
[Round "3"]
[White "Moen,A"]
[Black "Moreno Ruiz,J"]
[Result "1-0"]
[WhiteElo "2360"]
[BlackElo "2513"]

1.e4 e6 2.d4 d5 3.Nd2 Be7 4.Ngf3 Nf6 5.Bd3 c5 6.dxc5 dxe4 7.Nxe4 Nxe4 8.Bxe4 Qxd1+
9.Kxd1 Bxc5 10.Ke2 Nd7 11.Be3 Bxe3 12.fxe3 Nc5 13.Nd2 Nxe4 14.Nxe4 Ke7 15.c4 Bd7
16.Nc3 Rac8 17.b3 Bc6 18.e4 Kd6 19.Rhf1 f6 20.Ke3 Ke5 21.Rad1 Rhd8 22.g3 a6
23.c5 a5 24.Rf2 Be8 25.Rxd8 Rxd8 26.Nb1 Bb5 27.Rd2 Rc8 28.Rc2 f5 29.Nd2 Kf6
30.a3 g5 31.Nf3 Bc6 32.e5+ Kg6 33.Nd4 Bd5 34.b4 axb4 35.axb4 Ra8 36.b5 Rc8
37.c6 bxc6 38.Nxc6 Kh5 39.Nb4 Rxc2 40.Nxc2 Kg4 41.Nd4 Kh3 42.b6 Kxh2 43.Kf2 f4
44.gxf4 g4 45.Ne2 h5 46.f5 exf5 47.e6 h4 48.e7 g3+ 49.Ke3  1-0

[Event "4NCL 2011-12"]
[Site "Hinkley ENG"]
[Date "2012.04.01"]
[Round "8.15"]
[White "Emms,J"]
[Black "Van de Griendt,JW"]
[Result "1/2-1/2"]
[WhiteElo "2484"]
[BlackElo "2327"]

1.e4 e6 2.d4 d5 3.Nd2 Be7 4.c3 c5 5.dxc5 Bxc5 6.Bd3 Nc6 7.Ngf3 Nge7 8.O-O O-O
9.exd5 exd5 10.Nb3 Bd6 11.Re1 a6 12.Be3 Ng6 13.Bxg6 hxg6 14.Bc5 Bxc5 15.Nxc5 b6
16.Nb3 Bg4 17.h3 Bxf3 18.Qxf3 Ra7 19.Rad1 Rd7 20.Nd4 Na5 21.Qe2 Qc8 22.h4 Rd6
23.h5 Rfd8 24.Qf3 Rf6 25.Qe2 gxh5 26.Qxh5 Nc4 27.Re2 Rh6 28.Qf5 Qc7 29.g3 Rf6
30.Qh5 Rh6 31.Qg5 Rg6 32.Qh4 Rh6 33.Re7 Qc8 34.Qf4 Nd6 35.g4 Rf6 36.Nf5 Nxf5
37.gxf5 Qxf5 38.Qxf5 Rxf5 39.Rd3 Rg5+ 40.Kf1 b5  1/2-1/2

[Event "4NCL 2011-12"]
[Site "Hinkley ENG"]
[Date "2012.04.01"]
[Round "8.41"]
[White "Trent,L"]
[Black "Cobb,J"]
[Result "1/2-1/2"]
[WhiteElo "2433"]
[BlackElo "2411"]

1.e4 e6 2.d4 d5 3.Nd2 a6 4.Ngf3 Nf6 5.Bd3 c5 6.exd5 exd5 7.dxc5 Bxc5 8.Nb3 Qe7+
9.Be2 Ba7 10.O-O Nc6 11.Bg5 O-O 12.c3 Re8 13.Bd3 Bg4 14.h3 Bh5 15.g4 Bg6
16.Nbd4 Qd6 17.Bh4 Ne4 18.Kg2 h5 19.Nxc6 bxc6 20.Nd4 Bxd4 21.cxd4 Qf4 22.Bxe4 Bxe4+
23.f3 Bg6 24.Bg3 Qg5 25.Rc1 Re6 26.Rc3 hxg4 27.hxg4 Rae8 28.Qc1 Qf6 29.Be5 Qe7
30.Rxc6 f6 31.Rxe6 Qxe6 32.Bg3 Qe2+ 33.Rf2 Qd3 34.Qd2 Qb1 35.Rf1 Qxa2 36.Re1 Rxe1
37.Bxe1  1/2-1/2

[Event "4NCL 2011-12"]
[Site "Hinkley ENG"]
[Date "2012.04.01"]
[Round "8.33"]
[White "Longson,A"]
[Black "Paehtz,E"]
[Result "0-1"]
[WhiteElo "2281"]
[BlackElo "2457"]

1.e4 e6 2.d4 d5 3.Nd2 Be7 4.e5 c5 5.c3 Nc6 6.Ngf3 cxd4 7.cxd4 Qb6 8.Nb3 a5
9.Be3 a4 10.Nc5 Bxc5 11.dxc5 Qxb2 12.Rb1 Qc3+ 13.Qd2 Qxd2+ 14.Bxd2 Nge7 15.Bd3 O-O
16.O-O Rd8 17.Rfe1 h6 18.h4 d4 19.h5 Nd5 20.Rbc1 Bd7 21.Re4 Be8 22.g4 Nc3
23.Bxc3 dxc3 24.Rxc3 Ra5 25.Be2 Ne7 26.Rd4 Rc8 27.Bd1 Nd5 28.Rcc4 Bb5 29.Rc2 a3
30.Rc1 Ba6 31.Bb3 Raxc5 32.Rxc5 Rxc5 33.g5 Be2 34.Kg2 hxg5 35.Nxg5 Bxh5 36.Kg3 b5
37.f3 Bg6 38.Ne4 Bxe4 39.Rxe4 Ne7 40.f4 Rc3+ 41.Kf2 Nc6 42.Bd1 Rc5 43.Re3 b4
44.Re4 g5 45.fxg5 Kg7 46.Ke3 Ne7 47.Bb3 Rb5 48.Bc4 Rb8 49.Bb3 Nc6 50.Kf4 Na5
51.Ba4 b3 52.Bxb3 Nxb3 53.axb3 a2  0-1

[Event "European Senior Teams 2012"]
[Site "Rogaska Slatina SLO"]
[Date "2012.04.01"]
[Round "6.14"]
[White "Lahti,J"]
[Black "Ashby,Ant"]
[Result "0-1"]
[WhiteElo "2016"]
[BlackElo "2129"]

1.e4 e6 2.d4 d5 3.Nd2 Nc6 4.Ngf3 Nf6 5.e5 Nd7 6.Bb5 a5 7.c3 Na7 8.Bd3 c5
9.Nf1 Nc6 10.Be3 Qb6 11.Qc1 f6 12.exf6 Nxf6 13.dxc5 Bxc5 14.Bxc5 Qxc5 15.Qe3 Qd6
16.Qg5 O-O 17.Ng3 e5 18.Bc2 e4 19.Nd2 h6 20.Qe3 Ng4 21.Qb6 Ra6 22.Qb5 e3
23.fxe3 Nxe3 24.Qd3 Nxc2+ 25.Qxc2 Qe7+ 26.Kd1 Bg4+ 27.Kc1 Nb4 28.Qb3 Rc6
29.Kb1 Qe3 30.cxb4 Qxd2 31.bxa5 Qxg2 32.a4 Rc4 33.Ra3 Rff4 34.Re1 Rb4 35.Qc3 Rfc4
36.Re8+ Kf7 37.Qe5 Rxb2+ 38.Qxb2 Qxb2+ 39.Kxb2 Kxe8 40.Rd3 Rc5 41.Ka3 Rxa5
42.Kb4 b6 43.Rd4 Bd7 44.Kb3 Kd8 45.Ne2 Kc7 46.Nf4 Kd6 47.Nd3 g5 48.Rb4 b5  0-1

[Event "European Senior Teams 2012"]
[Site "Rogaska Slatina SLO"]
[Date "2012.04.04"]
[Round "9.6"]
[White "Wittmann,W"]
[Black "Kanko,I"]
[Result "1/2-1/2"]
[WhiteElo "2286"]
[BlackElo "2250"]

1.e4 e6 2.d4 d5 3.Nd2 Be7 4.Ngf3 Nf6 5.Bd3 dxe4 6.Nxe4 Nxe4 7.Bxe4 Nd7 8.Qe2 O-O
9.O-O Nf6 10.Bd3 b6 11.c4  1/2-1/2

[Event "16th Neckar Open"]
[Site "Deizisau GER"]
[Date "2012.04.06"]
[Round "3.15"]
[White "Bok,B"]
[Black "Deglmann,L"]
[Result "1-0"]
[WhiteElo "2502"]
[BlackElo "2312"]

1.e4 e6 2.d4 d5 3.Nd2 a6 4.Ngf3 Nf6 5.e5 Nfd7 6.Bd3 c5 7.c3 Nc6 8.O-O g5
9.Nb3 g4 10.Ng5 c4 11.Bxh7 Ndxe5 12.dxe5 cxb3 13.Bf4 Bg7 14.Re1 Nxe5 15.Rxe5 Bxe5
16.Bxe5 f6 17.Bg6+ Ke7 18.Nf7 Qg8 19.Bd6+ Kd7 20.Nxh8 Kxd6 21.Nf7+  1-0

[Event "16th Neckar Open"]
[Site "Deizisau GER"]
[Date "2012.04.06"]
[Round "3.12"]
[White "Petr,Ma"]
[Black "Malek,Da"]
[Result "1-0"]
[WhiteElo "2522"]
[BlackElo "2323"]

1.e4 e6 2.d4 d5 3.Nd2 a6 4.Ngf3 Nf6 5.Bd3 c5 6.c3 Nc6 7.O-O cxd4 8.cxd4 dxe4
9.Nxe4 Be7 10.Be3 O-O 11.a3 Bd7 12.Nc5 Qc7 13.Rc1 Rfd8 14.Qe2 Be8 15.Rfd1 Rab8
16.Bb1 Nd5 17.Bg5 Bxg5 18.Nxg5 h6 19.Nf3 Nf6 20.Ne4 Qe7 21.h4 Nh7 22.Qe3 Nf8
23.Nc5 Rd6 24.Ne4 Rd7 25.Rd2 Qd8 26.Rcd1 Ne7 27.Ne5 Rc7 28.Nc3 Bc6 29.Nxc6 Rxc6
30.g3 Qb6 31.Qf3 Rd8 32.Ba2 Rd7 33.d5 exd5 34.Nxd5 Nxd5 35.Bxd5 Rf6 36.Qb3 Qxb3
37.Bxb3 Rxd2 38.Rxd2 Rb6 39.Bc4 Ne6 40.b3 Kf8 41.Rd7 Ke8 42.Bxe6 fxe6 43.Rxg7 Rxb3
44.a4 h5 45.Rg5 b5 46.Rxh5 bxa4 47.Ra5 a3 48.Rxa6 Kf7 49.Kg2 Kf6 50.f3 Rb2+
51.Kh3 a2 52.Kg4 Kg7 53.f4 Rc2 54.h5 Kf6 55.Kh3 Rb2 56.g4 Rc2 57.Ra5 e5 58.Ra6+ Kf7
59.fxe5 Re2 60.Kh4 Kg7 61.Ra7+ Kg8 62.e6 Kf8 63.Kg5  1-0

[Event "e2e4 Dublin Easter Masters"]
[Site "Dublin IRL"]
[Date "2012.04.06"]
[Round "3"]
[White "Collins,S IRL"]
[Black "Walton,A"]
[Result "1-0"]
[WhiteElo "2439"]
[BlackElo "2159"]

1.e4 e6 2.d4 d5 3.Nd2 a6 4.Ngf3 Nf6 5.Bd3 c5 6.c3 Nc6 7.O-O Be7 8.exd5 Qxd5
9.Nc4 Qd8 10.Nce5 Nxe5 11.dxe5 Nd5 12.Qa4+ Bd7 13.Qg4 g6 14.Bg5 Bc6 15.Rfd1 Bxg5
16.Nxg5 Qc7 17.Qg3 O-O-O 18.Ne4 Kb8 19.Nxc5 Qb6 20.Ne4 Qxb2 21.Bxa6 Qa3 22.Bf1 Ne7
23.Rxd8+ Rxd8 24.Nd6 Nf5 25.Qg5 Rd7 26.Qf6 Qxc3 27.Qh8+ Ka7 28.Nc8+ Kb8 29.Nb6+ Ka7
30.Rb1  1-0

[Event "e2e4 Dublin Easter Masters"]
[Site "Dublin IRL"]
[Date "2012.04.06"]
[Round "3"]
[White "Sowray,P"]
[Black "Redmond,J"]
[Result "1-0"]
[WhiteElo "2375"]
[BlackElo "2246"]

1.e4 e6 2.d4 d5 3.Nd2 Be7 4.Ngf3 Nf6 5.Bd3 c5 6.c3 cxd4 7.cxd4 dxe4 8.Nxe4 Bd7
9.O-O Bc6 10.Ng3 Bd5 11.Be3 Nc6 12.Qe2 O-O 13.Rfd1 Rc8 14.a3 a6 15.b4 Qc7
16.Rac1 Qb8 17.Bb1 Na7 18.Ne5 Rxc1 19.Rxc1 Rc8 20.Re1 Nb5 21.Nh5 Qc7 22.Bd3 Nxa3
23.h4 Nc4 24.Bf4 Nxe5 25.Bxe5 Qc3 26.Rd1 Nxh5 27.Qxh5 h6 28.Qg4 Bf8 29.Bf4 Qb3
30.Kh2 f5 31.Qe2 Qxb4 32.Be5 Bc4 33.Qc2 Rc6 34.Rb1 Qe7 35.Bxc4 b5 36.Bxe6+ Qxe6
37.Qd3 Rc4 38.f4 Qd5 39.Ra1 Ra4 40.Rg1 g6 41.h5 Ra3 42.Qe2 Qd8 43.Rc1 Qh4+
44.Kg1 gxh5 45.d5 Qg3 46.d6 Qe3+ 47.Qxe3 Rxe3 48.Rd1 Bxd6 49.Rxd6 Ra3 50.Rxh6 Kf7
51.Rb6 h4 52.Kh2 Ke7 53.Bd6+  1-0

[Event "23rd Lenk Open"]
[Site "Lenk SUI"]
[Date "2012.04.06"]
[Round "3.1"]
[White "Sokolov,And1"]
[Black "Curien,N"]
[Result "1/2-1/2"]
[WhiteElo "2577"]
[BlackElo "2209"]

1.e4 e6 2.d4 d5 3.Nd2 Nc6 4.Ngf3 Nf6 5.e5 Nd7 6.c3 f6 7.Bb5 fxe5 8.dxe5 Be7
9.Nd4 Ndxe5 10.f4 O-O 11.fxe5 Nxe5 12.Qh5 Ng6 13.Rf1 e5 14.Rxf8+ Qxf8 15.N4f3 Nf4
16.Qxe5 c6 17.Bf1 Bd6 18.Qe3 Bc5 19.Nd4 Bg4 20.N2b3 Bd6 21.Qf2 Re8+ 22.Be3 c5
23.Nxc5 Bxc5 24.Kd2 Ng6 25.Bb5 Qxf2+ 26.Bxf2 Rf8 27.Be3 a6 28.Bd3 Ne5 29.b3 Nxd3
30.Kxd3 Bd6  1/2-1/2